000 00576nam a22002177a 4500
003 UA-OsUOA
001 42183
007 ta
008 20081128b un ||||| |||| 00| 0 ukr d
090 _a94(477).152 (К)
942 _cBK
040 _aUA-OsUOA
_bukr
_cUA-OsUOA
_dUA-OsUOA
245 _aXVI Конгрес українців Канади
_b6, 7, 8, 9 Х 1989
300 _a110 с.
955 _a4
041 _aukr
080 _a94(477).152 (К)
260 _aВінніпег
650 7 _a9 Географія. Біографії. Історія
_2UDC
999 _c440681
_d440681